Change Control and Management (Record no. 121280)
[ view plain ]
| 000 -LEADER | |
|---|---|
| fixed length control field | 02866nam a22003257a 4500 |
| 001 - CONTROL NUMBER | |
| control field | 121280 |
| 008 - FIXED-LENGTH DATA ELEMENTS--GENERAL INFORMATION | |
| fixed length control field | 221221s2021 xxk|||||o|||| 00| 0 eng d |
| 020 ## - INTERNATIONAL STANDARD BOOK NUMBER | |
| ISBN | 9781783213979 |
| 041 ## - LANGUAGE CODE | |
| Language code of text/sound track or separate title | eng |
| 100 ## - MAIN ENTRY--PERSONAL NAME | |
| Personal author | Willifer, Nigel |
| 110 ## - MAIN ENTRY--CORPORATE NAME | |
| Corporate author | Royal Institution of Chartered Surveyors |
| 245 ## - TITLE STATEMENT | |
| Title | Change Control and Management |
| Subtitle | RICS Guidance Note |
| Medium | [Electronic resource] |
| 250 ## - EDITION | |
| Edition statement | 1st |
| 260 ## - PUBLICATION INFORMATION | |
| Place of publication | London, |
| Publisher | Royal Institution of Chartered Surveyors, |
| Date | January 2021 |
| 300 ## - PHYSICAL DESCRIPTION | |
| Physical description | 32p |
| 490 ## - SERIES TITLE | |
| Series statement | RICS Guidance Note |
| 490 ## - SERIES TITLE | |
| Series statement | RICS Practice Information |
| 490 ## - SERIES TITLE | |
| Series statement | RICS Black Book |
| 500 ## - GENERAL NOTE | |
| General note | Effective April 1st 2021 |
| 500 ## - GENERAL NOTE | |
| General note | This document was originally published in January 2021 as an RICS guidance note and was reissued in March 2024 as RICS practice information. |
| 520 ## - ABSTRACT | |
| Abstract | Changes are almost inevitable during construction projects of any size. This guidance note gives advice on how to handle changes proposed and made after a contract is agreed, and covers the role of the person requiring the change, whether the employer’s agent, the project manager or the contract administrator. It also looks at the contrast between a change and a variation and the different circumstances that apply to each, with reference to relevant contract provisions.<br/><br/>The guidance note supports the RICS core competency of Contract practice. It requires that professionals:<br/><br/>demonstrate knowledge and understanding of the various forms of contract used in the construction industry and the change control procedures they contain, along with the digital portals available for some contracts that can be used to control change on projects<br/>apply that knowledge at a project-specific level, while being aware of the implications and obligations of the parties involved in the change control procedure<br/>provide reasoned advice on the effect of the change control procedure, be able to prepare and present reports to employers to determine the correct change control procedure to use, and advise on the correct documentation and procedure at the various stages of a construction contract.<br/>The guidance note does not detail issues such as organisational change that might be taking place at the same time as the project, which could affect change and its management. Neither does it address value management or value engineering – professionals are encouraged to refer to the relevant RICS guidance note for such information. |
| 650 ## - KEYWORDS | |
| Keywords | CHANGE CONTROL |
| 650 ## - KEYWORDS | |
| Keywords | CONSTRUCTION |
| 650 ## - KEYWORDS | |
| Keywords | QUANTITY SURVEYING |
| 651 ## - SUBJECT ADDED ENTRY--GEOGRAPHIC NAME | |
| Geographic name | United Kingdom |
| 690 ## - BROAD SUBJECT | |
| 9 (RLIN) | 6263 |
| Broad subject | Quantity surveying |
| 710 ## - ADDED CORPORATE NAME | |
| Added corporate author | Royal Institution of Chartered Surveyors |
| 856 ## - ONLINE RESOURCE | |
| Uniform Resource Identifier | <a href="https://www.rics.org/uk/upholding-professional-standards/sector-standards/construction/black-book/change-control-and-management-1st-edition2/">https://www.rics.org/uk/upholding-professional-standards/sector-standards/construction/black-book/change-control-and-management-1st-edition2/</a> |
| Public note | Available free on RICS.org |
| 942 ## - ADDED ENTRY ELEMENTS (KOHA) | |
| Suppress in OPAC | Do not suppress in OPAC |
| Lost status | Source of classification or shelving scheme | Damaged status | Not for loan | Current library | Date acquired | Total Checkouts | Date last seen | Price effective from | Koha item type |
|---|---|---|---|---|---|---|---|---|---|
| Dewey Decimal Classification | Virtual | 21/12/2022 | 25/04/2023 | 21/12/2022 | Online material |